Fundamentals of human resource management/ (Record no. 2503)

000 -LEADER
fixed length control field 00613nam a22001937a 4500
008 - FIXED-LENGTH DATA ELEMENTS--GENERAL INFORMATION
fixed length control field 150722b xxu||||| |||| 00| 0 eng d
020 ## - INTERNATIONAL STANDARD BOOK NUMBER
International Standard Book Number 9780073381473
050 ## - LIBRARY OF CONGRESS CALL NUMBER
Classification number HF 5549 .F86 2009
100 ## - MAIN ENTRY--PERSONAL NAME
Personal name Noe,Raymond A.
Dates associated with a name 2009
245 ## - TITLE STATEMENT
Title Fundamentals of human resource management/
Statement of responsibility, etc. Raymond A.Noe
250 ## - EDITION STATEMENT
Edition statement Third ed
260 ## - PUBLICATION, DISTRIBUTION, ETC. (IMPRINT)
Place of publication, distribution, etc. Newyork:
Name of publisher, distributor, etc. McGraw-hill,
Date of publication, distribution, etc. ©2009.
300 ## - PHYSICAL DESCRIPTION
Extent xxxi,527p.: ill.
Other physical details includes index ;
Dimensions 26 cm
650 ## - SUBJECT ADDED ENTRY--TOPICAL TERM
Topical term or geographic name as entry element Personnel management
700 ## - ADDED ENTRY--PERSONAL NAME
Personal name Hollenbeck,John R.
700 ## - ADDED ENTRY--PERSONAL NAME
Personal name Gerhart,Barry.
700 ## - ADDED ENTRY--PERSONAL NAME
Personal name Wright,Ptrick M.
942 ## - ADDED ENTRY ELEMENTS (KOHA)
Source of classification or shelving scheme
Koha item type Hard Covered Materials
Classification part HF 5549 .F86 2009
Holdings
Withdrawn status Lost status Source of classification or shelving scheme Damaged status Not for loan Home library Current library Shelving location Date acquired Source of acquisition Total Checkouts Full call number Barcode Date last seen Price effective from Koha item type
          MACHAKOS UNIVERSITY LIBRARY MACHAKOS UNIVERSITY LIBRARY Open shelf 25/07/2015 Donation (BFA)   HF 5549 .F86 2009 6587 19/06/2019 25/07/2015 Hard Covered Materials
© Machakos University Library, Along The Highway, Machakos Wote Rd, Machakos, Kenya P.O. Box 136 - 90100 Machakos - Kenya

Tel: ( +254 ) 723 805829 OR Fax : 044-20353 OR Email: library@mksu.ac.ke